| 000 | 00357nam a2200121Ia 4500 | ||
|---|---|---|---|
| 008 | 220214s9999 xx 000 0 und d | ||
| 100 | _aHepper C M | ||
| 245 | 0 | _aBiosynthesis of rubber from B-hydroxy-B-methylglutaryl-coenzyme A in Hevea brasiliensis latex | |
| 260 |
_bBiochemical Journal _c1969 |
||
| 300 | _a379-386 | ||
| 700 | _aAudley B G | ||
| 942 | _cRE | ||
| 999 |
_c45667 _d45667 |
||